| Tag |
First Indicator |
Second Indicator |
Subfields |
| LEADER |
00000cam a2200000 i 4500 |
| 001 |
in00004172016 |
| 008 |
180515t20192019nyu 000 f eng c |
| 005 |
20250308175559.5 |
| 010 |
|
|
|a 2018037320
|
| 015 |
|
|
|a GBB940910
|2 bnb
|
| 015 |
|
|
|a 20189040556
|2 can
|
| 016 |
|
|
|a (AMICUS)000045298627
|
| 016 |
7 |
|
|a 019280408
|2 Uk
|
| 019 |
|
|
|a 1089746746
|
| 020 |
|
|
|a 0385541384
|q (hardcover)
|
| 020 |
|
|
|a 9780385541381
|q (hardcover)
|
| 020 |
|
|
|z 9780385541398
|q (ebook)
|
| 020 |
|
|
|z 9780385687065
|q (hardcover ;
|q UK edition)
|
| 020 |
|
|
|z 0385687060
|q (hardcover ;
|q UK edition)
|
| 035 |
|
|
|a (OCoLC)on1048660648
|
| 035 |
|
|
|a (OCoLC)1048660648
|
| 035 |
|
|
|a (OCoLC)1048660648
|z (OCoLC)1089746746
|
| 037 |
|
|
|b Random House Inc, Attn Order Entry 400 Hahn rd, Westminster, MD, USA, 21157
|n SAN 201-3975
|
| 040 |
|
|
|a PUL
|b eng
|e rda
|c PUL
|d NLC
|d UKMGB
|d SSH
|d MJ8
|d ZVR
|d OCLCF
|d W8A
|d JSE
|d TP7
|d YDX
|d GK8
|d IDLEW
|d TNH
|d JTH
|d JQW
|d PX0
|d VAX
|d TCH
|d FSP
|d JQM
|d TOH
|d KZS
|d VP@
|d LIV
|d LMJ
|d DYJ
|d PZQ
|d IHX
|d JCX
|d NK1
|d KYC
|d SOM
|d CLE
|d LKC
|d NZAUC
|d ZQP
|d BYV
|d CNCAR
|d DLC
|d ANK
|d OCLCO
|d STF
|d OCLCO
|d MQS
|d OCLCO
|d INR
|d TXSCH
|d OCL
|d OCLCQ
|
| 042 |
|
|
|a pcc
|
| 043 |
|
|
|a n-us-vt
|
| 049 |
|
|
|a TXAM
|
| 050 |
0 |
0 |
|a PS3613.C584
|b I55 2019
|
| 055 |
|
0 |
|a PS3613 C817
|b I58 2019
|
| 082 |
0 |
0 |
|a 813/.6
|2 23
|
| 084 |
|
|
|a FIC030000
|a FIC012000
|2 bisacsh
|
| 084 |
|
|
|a cci1icc
|2 lacc
|
| 084 |
|
|
|a coll13
|2 lacc
|
| 100 |
1 |
|
|a McMahon, Jennifer,
|d 1968-
|e author.
|
| 245 |
1 |
4 |
|a The invited /
|c Jennifer McMahon.
|
| 250 |
|
|
|a First edition.
|
| 264 |
|
1 |
|a New York :
|b Doubleday,
|c [2019]
|
| 264 |
|
4 |
|c ©2019
|
| 300 |
|
|
|a 353 pages ;
|c 25 cm
|
| 336 |
|
|
|a text
|b txt
|2 rdacontent
|
| 337 |
|
|
|a unmediated
|b n
|2 rdamedia
|
| 338 |
|
|
|a volume
|b nc
|2 rdacarrier
|
| 520 |
|
|
|a "In 1924, a young mother, Hattie Breckenridge, is hanged from a tree in her yard by the town mob, accused of a crime that was actually committed by her daughter. Nearly a century later, a young married couple, Helen and Nate abandon the comforts of suburbia to begin the ultimate, aspirational do-it-yourself project: building the house of their dreams on the same forty-four acres of rural land where Hattie once lived. When they discover that this charming property has a dark and violent past, Helen, a former history teacher, becomes consumed by Hattie's story and the tragic legend of her descendants, three generations of "Breckenridge women," each of whom died amid suspicion, and who seem to still be seeking something elusive and dangerous in the present day."--Provided by publisher.
|
| 650 |
|
0 |
|a Haunted houses
|v Fiction.
|
| 650 |
|
0 |
|a Hanging
|v Fiction.
|
| 650 |
|
0 |
|a Married people
|v Fiction.
|
| 650 |
|
0 |
|a Dwellings
|v Fiction.
|
| 651 |
|
0 |
|a Vermont
|v Fiction.
|
| 650 |
|
7 |
|a FICTION
|x Suspense.
|2 bisacsh
|
| 650 |
|
7 |
|a FICTION
|x Ghost.
|2 bisacsh
|
| 650 |
|
7 |
|a Married people.
|2 fast
|0 (OCoLC)fst01010656
|
| 650 |
|
7 |
|a Haunted houses.
|2 fast
|0 (OCoLC)fst00951928
|
| 650 |
|
7 |
|a Hanging.
|2 fast
|0 (OCoLC)fst00951060
|
| 650 |
|
7 |
|a Dwellings.
|2 fast
|0 (OCoLC)fst00899978
|
| 651 |
|
7 |
|a Vermont.
|2 fast
|0 (OCoLC)fst01204305
|
| 650 |
|
7 |
|a Ghost stories.
|2 sears
|
| 650 |
|
7 |
|a Dwellings
|v Fiction.
|2 sears
|
| 650 |
|
7 |
|a Capital punishment
|v Fiction.
|2 sears
|
| 650 |
|
7 |
|a Married people
|v Fiction.
|2 sears
|
| 651 |
|
7 |
|a Vermont
|v Fiction.
|2 sears
|
| 655 |
|
0 |
|a Ghost storeis.
|
| 655 |
|
7 |
|a Thrillers (Fiction)
|2 fast
|0 (OCoLC)fst01726755
|
| 655 |
|
7 |
|a Fiction.
|2 fast
|0 (OCoLC)fst01423787
|
| 655 |
|
7 |
|a Ghost stories.
|2 fast
|0 (OCoLC)fst01726625
|
| 655 |
|
7 |
|a Ghost storeis.
|2 gsafd
|
| 655 |
|
7 |
|a Suspense fiction.
|2 gsafd
|
| 655 |
|
7 |
|a Ghost stories.
|2 lcgft
|
| 655 |
|
7 |
|a Thrillers (Fiction)
|2 lcgft
|
| 776 |
1 |
|
|a McMahon, Jennifer, 1968-
|t Invited./.
|d Toronto : Doubleday Canada, 2019
|w (CaOONL)20189040564
|
| 948 |
|
|
|a cataloged
|b h
|c 2019/12/5
|d c
|e ceaton
|f 12:13:32 pm
|
| 955 |
|
|
|a Print purchased PDA title
|
| 994 |
|
|
|a C0
|b TXA
|
| 999 |
f |
f |
|s fafc7553-7412-3301-909f-ecbcb25e3823
|i ffc05abc-6a1c-36b5-9423-6dc746f9bf2f
|t 0
|
| 952 |
f |
f |
|p normal
|a Texas A&M University
|b College Station
|c Sterling C. Evans Library
|d Evans: Library Stacks
|t 0
|e PS3613.C584 I55 2019
|h Library of Congress classification
|i unmediated -- volume
|m A14851015785
|
| 998 |
f |
f |
|a PS3613.C584 I55 2019
|t 0
|l Evans: Library Stacks
|